THE MODIFYING EFFECT OF NICKEL IN AS-CAST M2 AND M30 HIGH-SPEED STEELS

Bibliographic Details
Main Author: Chaus, Alexander (Author)
Format: Article
Language:Russian
ISBN:8022714135

MARC

LEADER 00000naa a2200000uu 4500
001 vtls010929802
003 SK-MaSNL
005 20260302131000.0
008 210824|2000 xo |||||||||||||||||rus|
015 |a SNBRA 
035 |a (urnnbn)urn:nbn:sk:snk:ar-a0b2ue 
035 |a (uuid)b6ac131a-d5cb-4e77-bd11-ddf500782787 
035 |a urn:nbn:sk:snk-aatvda 
040 |a SNKBUCL  |b slo  |c SNKBUCL  |e AACR2 
041 0 |a rus 
044 |a xo  |c SK 
100 1 |a Chaus, Alexander  |4 aut  |9 799588 
245 1 0 |a THE MODIFYING EFFECT OF NICKEL IN AS-CAST M2 AND M30 HIGH-SPEED STEELS  |c Alexander Chaus 
773 0 |t CO-MAT-TECH 2000  |d Bratislava : Slovenská technická univerzita, 2000  |g S. 75-81  |z 8022714135 
958 |a OND 
958 |a article11 
958 |a chapter 
999 |c 1303313  |d 1305243